Statistiques concernant Buteurs France ligue des nations 2020/2021

Cliquez ici pour prendre le quiz!

Statistiques générales

  • Ce quiz a été pris 75 fois
  • Le résultat moyen est 7 sur 9

Statistiques - réponses

Nmb de butButeur% Correct
4Kylian Mbappé
100%
2Karim Benzema
94%
3Olivier Giroud
94%
2Antoine Griezmann
92%
1Kingsley Coman
74%
1Theo Hernandez
74%
1Benjamin Pavard
68%
1N'Golo Kanté
62%
1Dayot Upamecano
43%

Distribution des résultats

Percentile par nombre de réponses

% des personnes avec chaque résultat

Votre développement - résultats

Vous n’avez pas pris ce quiz